| 000 | 00593nam a2200181Ia 4500 | ||
|---|---|---|---|
| 003 | GCL | ||
| 008 | 140319s9999 xx 000 0 ara d | ||
| 040 |
_aGCL / _cGCL |
||
| 082 | 0 | 4 |
_a962.074 _bس ا |
| 100 | 1 | _aسعيد عثمان | |
| 245 | 1 | 0 |
_aاحاديث حول الفكر الذى انتصر / _cسعيد عثمان |
| 260 |
_aالقاهرة : _bدار الشعب |
||
| 300 | _a316 ص | ||
| 490 |
_aكتاب الاذاعة والتليفزيون _v0 |
||
| 650 | 0 | 4 | _aثورة التصحيح |
| 650 | 0 | 4 | _aمصر - تاريخ - العصر الحديث (1805 - 1956 ) |
| 942 |
_2ddc _cBK |
||
| 999 |
_c47083 _d47083 |
||